| 000 | 01188cam a2200301 a 4500 | ||
|---|---|---|---|
| 001 | 1111996 | ||
| 003 | OSt | ||
| 005 | 20230619160455.0 | ||
| 008 | 930416s1991 nyua bs i000 0 eng | ||
| 010 | _a 93124415 | ||
| 020 | _a9211062748 (pbk.) | ||
| 040 |
_aDLC _cDLC _dDLC |
||
| 082 | 0 | 0 |
_a305.26 _bUN |
| 100 | 1 | _aSchulz, James H. | |
| 245 | 1 | 4 |
_aThe world ageing situation, 1991 / _c[prepared by James H. Schulz]. |
| 260 |
_aNew York : _bUnited Nations, _c1991. |
||
| 300 |
_a132 p. : _bill. ; _c30 cm. |
||
| 500 | _a"ST/CSDHA/14"--T.p. verso. | ||
| 500 | _aAt head of title: United Nations Office at Vienna, Centre for Social Development and Humanitarian Affairs. | ||
| 504 | _aIncludes bibliographical references. | ||
| 650 | 0 |
_aOlder people _xSocial conditions _xCross-cultural studies. |
|
| 650 | 0 |
_aOlder people _xEconomic conditions _xCross-cultural studies. |
|
| 650 | 0 |
_aOlder people _xGovernment policy _xCross-cultural studies. |
|
| 710 | 2 | _aCentre for Social Development and Humanitarian Affairs (United Nations) | |
| 906 |
_a7 _bcbc _corignew _d2 _encip _f19 _gy-gencatlg |
||
| 942 |
_2ddc _cBK |
||
| 999 |
_c1414 _d1414 |
||